000 01040cam a2200313 i 4500
001 24396
003 Mx-PuUPA
005 20250313104417.0
008 140415s2015 ag ad gr 000 0 spa d
020 _a9789508939005
040 _aMx-PuUPA
_bspa
_cMx-PuUPA
_dMx-PuUPA
_erda
041 0 _aspa
100 1 _aAsúa, Miguel de,
_95302
_eautor
245 1 3 _aLa evolución de la vida en la tierra :
_bciencia, filosofía y religión /
_cMiguel de Asúa
250 _a1a edición
264 1 _aArgentina :
_bEdiciones Logos,
_c2015
300 _a334 páginas :
_bilustraciones, gráficas ;
_c20 cm
336 _2rdacontent
_atexto
_btxt
337 _2rdamedia
_asin medio
_bn
338 _2rdacarrier
_avolumen
_bnc
490 0 _aColección De las ciencias a la filosofía
490 0 _aSerie Universitaria ;
_v1
650 7 _2armarc
_aEvolución
_xTeoría
650 7 _2armarc
_aReligión y ciencia
650 7 _2armarc
_aEvolución
942 _2ddc
_cLI
_h576.82
_iA86
999 _c24396
_d24396